000 01167nam a2200253 i 4500
001 172428
003 ES-MaACL
005 20230906214918.0
008 090706s1997 fr |||| | fre d
080 _a003.02(083.824)
245 0 0 _aL'aventure des écritures
_b: naissances : [exposition] /
_csous la direction d'Anne Zali et d'Annie Berthier.
260 _a[Paris] :
_bBibliothèque National de France,
_c[1997]
300 _a223 p. :
_bil. col. y n. ;
_c27 cm.
500 _a"Cette première manifestation de la série d’expositions consacrée à 'L’aventure des écritures' a pour thème 'Naissances' . Elle est présentée à la Bibliothèque nationale de France ... du 14 nov. 1997 au 17 mai 1998" -- Verso de port.
504 _aIncluye referencias bibliográficas.
650 4 _aEscritura-
_xHistoria-
_vExposiciones.
_912403
655 7 _2tgfbne
_9193628
_aCatálogos de exposiciones
700 1 _aZali, Anne.
_9140956
700 1 _aBerthier, Annie.
_9140957
710 2 _aBibliothèque nationale de France.
_92217
852 _aES-MaACL
_jE-12748
_z.- Biblioteca Jacinto Martínez Lacalle
942 _2udc
999 _c172428
_d172428